[Event "Challenge"]
[Site "http://www.queenalice.com/game.php?id=90556"]
[Date "2006.7.29"]
[Round "-"]
[White "RobertKaucher"]
[Black "dysfl"]
[Result "1-0"]
[WhiteElo "1880"]
[BlackElo "1500"]

1. e4 g6 2. d4 Bg7 3. Nc3 d6 4. Be3 Nf6 5. Qd2 Ng4 6. Bg5 h6 7. Bh4 c6 8. h3 Nf6
9. f4 Nbd7 10. e5 dxe5 11. fxe5 Nd5 12. Nxd5 cxd5 13. e6 fxe6 14. Bd3 g5 15.
Bg6+ Kf8 16. Bg3 Nf6 17. Nf3 Bd7 18. Ne5 Be8 19. O-O Rg8 20. Qb4 Qb6 21. Qxb6
axb6 22. Bd3 Bf7 23. Bb5 Rd8 24. c3 Be8 25. Bd3 Bf7 26. Rae1 Ke8 27. a3 Rf8 28.
Bb5+ Nd7 29. Nxd7 Rxd7 30. Bc7 1-0

[Event "AUTO-INT-136"]
[Site "http://www.queenalice.com/game.php?id=95110"]
[Date "2006.8.12"]
[Round "1"]
[White "BaronFel"]
[Black "dysfl"]
[Result "0-1"]
[WhiteElo "1751"]
[BlackElo "1592"]

1. e4 g6 2. d4 Bg7 3. Nc3 d6 4. Be3 Nf6 5. Bc4 O-O 6. Nf3 Nxe4 7. Nxe4 d5 8.
Bxd5 Qxd5 9. Nc3 Qa5 10. O-O c6 11. Qd2 Bf5 12. Bh6 Nd7 13. Bxg7 Kxg7 14. Ng5
Bxc2 15. Qxc2 Qxg5 16. Ne4 Qf5 17. Rae1 Nf6 18. h3 Nxe4 19. Qxe4 Qxe4 20. Rxe4
e6 21. Re5 Rfd8 22. Rd1 Rac8 23. f4 Rd5 24. Re4 Rcd8 25. Kf2 c5 26. Ke3 cxd4+
27. Rdxd4 Rxd4 28. Rxd4 Rxd4 29. Kxd4 Kf6 30. g4 g5 31. Ke4 h6 32. a4 a5 33. b3
Ke7 34. Ke5 f6+ 35. Kd4 Kd6 36. Kc4 gxf4 37. Kd4 e5+ 38. Ke4 Ke6 39. h4 Kf7 40.
Kf3 Kg6 41. Ke4 b6 42. Kf3 f5 43. gxf5+ Kxf5 44. h5 e4+ 45. Ke2 Kg5 0-1

[Event "AUTO-INT-136"]
[Site "http://www.queenalice.com/game.php?id=95111"]
[Date "2006.8.12"]
[Round "1"]
[White "dysfl"]
[Black "BaronFel"]
[Result "1/2-1/2"]
[WhiteElo "1662"]
[BlackElo "1695"]

1. d4 Nf6 2. Nf3 d5 3. Bf4 e6 4. e3 Nc6 5. Nbd2 Bb4 6. Bd3 Bd7 7. c3 Be7 8. Qc2
Ng4 9. Bxh7 g6 10. Bxg6 e5 11. Nxe5 Ngxe5 12. Bxe5 Bf6 13. Bxf6 Qxf6 14. Bd3
O-O-O 15. Nf3 Bg4 16. Be2 Bf5 17. Bd3 Bg4 18. Ne5 Nxe5 19. dxe5 Qxe5 20. f3
Qxe3+ 21. Qe2 Qxe2+ 22. Bxe2 Bf5 23. O-O Rhe8 24. Rae1 a6 25. Bd1 Rxe1 26. Rxe1
Kd7 27. g4 Bd3 28. Kf2 Rh8 29. Kg3 f5 30. Be2 Re8 31. Kf2 Bxe2 32. Rxe2 Rf8 33.
Re5 fxg4 34. Rxd5+ Ke6 35. Rd3 c5 36. Kg3 gxf3 37. Rxf3 Rg8+ 38. Kf2 Rh8 39. h3
Rd8 40. Re3+ Kf6 41. Ke2 Kg5 42. Re5+ Kh4 43. Rxc5 Kxh3 44. Rc7 b5 45. Ra7 Rd6
46. a3 Kg4 47. Rf7 Rd8 48. Rf6 a5 49. Ra6 a4 50. Rb6 Rd5 51. Rf6 Rd8 52. Rc6 Rb8
53. Kd3 Kf5 54. Kc2 Ke4 55. Re6+ Kd5 56. Rg6 Rf8 57. Rg5+ Kc4 58. Rg4+ Kc5 59.
Kd3 Rd8+ 60. Kc2 Rh8 61. Rg2 Rh5 62. b3 axb3+ 63. Kxb3 Rh4 64. Rd2 Re4 65. Rd8
Rf4 66. Rc8+ Kd6 67. c4 1/2-1/2

[Event "AUTO-INT-136"]
[Site "http://www.queenalice.com/game.php?id=95118"]
[Date "2006.8.12"]
[Round "1"]
[White "dysfl"]
[Black "Psic00l"]
[Result "0-1"]
[WhiteElo "1666"]
[BlackElo "1568"]

1. d4 d5 2. Nf3 e6 3. Bf4 c5 4. e3 Nf6 5. c3 Bd6 6. Bg3 Bxg3 7. hxg3 c4 8. b3
cxb3 9. axb3 O-O 10. Bd3 Nc6 11. Ne5 Qd6 12. g4 Nxe5 13. dxe5 Qxe5 14. Qc2 h6
15. f3 Qxe3+ 16. Be2 b6 17. Nd2 a5 18. Nf1 Qe5 19. Kf2 d4 20. Ng3 dxc3 21. Rad1
Bb7 22. Rhe1 Qc7 23. Bc4 Nd5 24. Ne4 Rad8 25. Nxc3 Nxc3 0-1

[Event "AUTO-INT-136"]
[Site "http://www.queenalice.com/game.php?id=95119"]
[Date "2006.8.12"]
[Round "1"]
[White "Psic00l"]
[Black "dysfl"]
[Result "0-1"]
[WhiteElo "1625"]
[BlackElo "1655"]

1. e4 g6 2. Nf3 Bg7 3. Bc4 d6 4. O-O Nf6 5. Ng5 O-O 6. Re1 h6 7. Nf3 Nxe4 8.
Rxe4 d5 9. Bxd5 Qxd5 10. Nc3 Qh5 11. Rxe7 Qc5 12. Qe1 Be6 13. Rxe6 fxe6 14.
Qxe6+ Kh7 15. d4 Qd6 16. Qh3 Nc6 17. d5 Nd4 18. Nxd4 Bxd4 19. Bxh6 Rh8 20. Bf4+
Kg7 21. Qxh8+ Rxh8 22. Bxd6 cxd6 23. Re1 Be5 24. g3 a6 25. Re4 Kf7 26. Rb4 Rb8
27. a4 a5 28. Rb6 Ke7 29. Ne4 Kd7 30. f4 Bd4+ 31. Kg2 Bxb6 32. Nf6+ Ke7 0-1

[Event "Challenge"]
[Site "http://www.queenalice.com/game.php?id=95265"]
[Date "2006.8.13"]
[Round "-"]
[White "alisonkarina"]
[Black "dysfl"]
[Result "0-1"]
[WhiteElo "1642"]
[BlackElo "1616"]

1. e4 g6 2. Bc4 Bg7 3. Nf3 d6 4. Ng5 e6 5. Qf3 Qxg5 6. O-O Nc6 7. Na3 Ne5 8. Qc3
Nxc4 9. Qxc4 Qe7 10. Nb5 c6 11. Nd4 Bxd4 12. Qxd4 e5 13. Qe3 Nf6 14. Qh6 Nxe4
15. Qe3 d5 16. Qh6 Qg5 17. Qg7 Rf8 18. d3 Qf6 19. Qxf6 Nxf6 20. Bh6 Rg8 21. Rae1
Ng4 22. Bg5 h6 23. Bh4 Be6 24. h3 g5 25. Bg3 Nf6 26. Bxe5 Nd7 27. Bc7 Rc8 28.
Bd6 Nf6 29. b4 Kd7 30. Be5 Ne8 31. c4 f6 32. Bg3 Nd6 33. Re3 Nf5 34. Re2 Nxg3
35. fxg3 Rgf8 36. Rfe1 Rce8 37. d4 dxc4 38. a4 b5 39. axb5 cxb5 40. Ra2 Ra8 41.
Rae2 Rfe8 42. h4 Bd5 43. hxg5 hxg5 44. Rxe8 Rxe8 45. Rxe8 Kxe8 46. g4 Kf7 47.
Kf2 Ke6 48. Ke3 Bxg2 49. Kd2 Bf3 50. Kc3 Bxg4 51. d5+ Kxd5 52. Kc2 Kd4 0-1

[Event "Challenge"]
[Site "http://www.queenalice.com/game.php?id=96885"]
[Date "2006.8.18"]
[Round "-"]
[White "Joe_Boyd"]
[Black "dysfl"]
[Result "1-0"]
[WhiteElo "1567"]
[BlackElo "1493"]

1. e4 g6 2. d4 Bg7 3. Nf3 d6 4. h3 Nf6 5. Bd3 O-O 6. O-O c5 7. Bg5 h6 8. Bh4
cxd4 9. Nxd4 Nc6 10. c3 Qb6 11. Nxc6 bxc6 12. Qc2 Kh7 13. Kh1 e5 14. Nd2 Be6 15.
f4 exf4 16. Rxf4 Rab8 17. Bxf6 Qxb2 18. Qxb2 Rxb2 19. Bxg7 Kxg7 20. Nc4 Bxc4 21.
Bxc4 Rc2 22. Raf1 Rxc3 23. Rxf7+ Rxf7 24. Bxf7 Re3 25. Be8 Rxe4 26. Bxc6 Re2 27.
Bd5 Rd2 28. Bb3 a5 29. Rf7+ Kh8 30. Ra7 g5 31. Rxa5 1-0

[Event "Challenge"]
[Site "http://www.queenalice.com/game.php?id=105953"]
[Date "2006.9.14"]
[Round "-"]
[White "alisonkarina"]
[Black "dysfl"]
[Result "0-1"]
[WhiteElo "1702"]
[BlackElo "1686"]

1. e4 g6 2. Nf3 Bg7 3. Bc4 d6 4. Ng5 e6 5. O-O Qxg5 6. d3 Qe7 7. Nc3 Nf6 8. Bb3
Nbd7 9. Nb5 Nc5 10. Ba4 Nxa4 11. c3 Nb6 12. c4 c6 13. Nd4 e5 14. Nf3 O-O 15. Ng5
h6 16. Nh3 Bxh3 17. gxh3 Nh5 18. Qg4 Nf4 19. Bxf4 exf4 20. Qxf4 f5 21. Rac1 fxe4
22. Qxe4 Qxe4 23. dxe4 Rae8 24. f3 Bxb2 25. Rcd1 Nxc4 26. Rd4 Bxd4+ 27. Kg2 Ne3+
28. Kf2 Nxf1+ 29. Kxf1 Rxf3+ 0-1

[Event "AUTO-ADV-274"]
[Site "http://www.queenalice.com/game.php?id=117129"]
[Date "2006.10.15"]
[Round "1"]
[White "ravague"]
[Black "dysfl"]
[Result "1-0"]
[WhiteElo "1737"]
[BlackElo "1732"]

1. e4 g6 2. f4 Bg7 3. Nf3 d6 4. Bc4 Nf6 5. O-O Nxe4 6. f5 Bxf5 7. d3 Nc5 8. Ng5
O-O 9. Nc3 h6 10. Nxf7 Rxf7 11. Bxf7+ Kxf7 12. g4 e6 13. gxf5 exf5 14. Qf3 Nc6
15. Be3 Nd4 16. Qd5+ Nce6 17. Rf2 c6 18. Qg2 b5 19. Kh1 Qh4 20. Rg1 g5 21. Ne4
Be5 22. c3 Nf4 23. Bxf4 Bxf4 24. cxd4 Re8 25. Ng3 Kf6 26. Rf3 d5 27. Ne2 Be3 28.
Rgf1 1-0

[Event "AUTO-ADV-274"]
[Site "http://www.queenalice.com/game.php?id=117130"]
[Date "2006.10.15"]
[Round "1"]
[White "dysfl"]
[Black "ravague"]
[Result "0-1"]
[WhiteElo "1707"]
[BlackElo "1767"]

1. d4 d5 2. Nf3 c5 3. c3 Nc6 4. Bf4 Nf6 5. e3 e6 6. Nbd2 Qb6 7. Qc2 cxd4 8. exd4
Be7 9. Bd3 O-O 10. Ng5 g6 11. h4 Nh5 12. Be3 Bf6 13. g4 Ng7 14. h5 e5 15. h6 Ne6
16. Nxe6 fxe6 17. g5 Bh8 18. Bxg6 e4 19. Bh5 Ne7 20. Rg1 Ng6 21. O-O-O Bd7 22.
Rdf1 Bb5 23. Re1 Rac8 24. Bxg6 hxg6 25. f3 Bd3 26. Qd1 e5 27. dxe5 Qa5 28. Qb3
Bxe5 29. fxe4 Rc7 30. exd5 Kh7 31. Nb1 b5 32. Kd2 Bc4 33. Qa3 Qxa3 34. Nxa3 Bxd5
35. Nxb5 Rd7 36. Kc2 Bxa2 37. Rd1 Rb7 38. Nxa7 Rfb8 39. b4 Rc7 40. Kb2 Be6 41.
Rc1 Rxb4+ 42. Ka3 Rb3+ 0-1

[Event "AUTO-ADV-274"]
[Site "http://www.queenalice.com/game.php?id=117141"]
[Date "2006.10.15"]
[Round "1"]
[White "Ftrupel"]
[Black "dysfl"]
[Result "0-1"]
[WhiteElo "1844"]
[BlackElo "1695"]

1. e4 g6 2. d4 Bg7 3. Nf3 d6 4. h3 Nf6 5. Bg5 h6 6. Bxf6 Bxf6 7. Bd3 Bg7 8. c3
c5 9. dxc5 dxc5 10. O-O O-O 11. Qc2 Nc6 12. Nbd2 Be6 13. a3 Ne5 14. Nxe5 Bxe5
15. Rad1 Qc7 16. Nc4 Bg7 17. f4 Bxc4 18. Bxc4 e6 19. Bd3 f5 20. e5 c4 21. Be2
Rad8 22. Rxd8 Rxd8 23. Rd1 b5 24. Bf3 Bf8 25. Rxd8 Qxd8 26. g4 Qb6+ 27. Kg2 Qe3
28. Kg3 Bc5 29. gxf5 Qe1+ 30. Kg4 exf5+ 31. Qxf5 gxf5+ 32. Kxf5 Qh4 33. Bg4 h5
34. Bd1 Be3 35. b3 Qxf4+ 36. Ke6 h4 37. Bg4 cxb3 0-1

[Event "AUTO-ADV-274"]
[Site "http://www.queenalice.com/game.php?id=117142"]
[Date "2006.10.15"]
[Round "1"]
[White "dysfl"]
[Black "Ftrupel"]
[Result "0-1"]
[WhiteElo "1718"]
[BlackElo "1804"]

1. d4 Nf6 2. Nf3 d5 3. Bf4 Nc6 4. e3 Bf5 5. Bd3 Bg6 6. c3 e6 7. Bxg6 fxg6 8.
Nbd2 Bd6 9. Bg3 O-O 10. Bh4 Ne7 11. Ne5 Nf5 12. Bg3 Nh5 13. Qg4 Qf6 14. Nd7 Qf7
15. Nxf8 Bxg3 16. hxg3 Rxf8 17. O-O-O Nd6 18. Rdf1 Nf6 19. Qe2 Nfe4 20. Nf3 Nc4
21. g4 h6 22. g3 Qxf3 23. Qxf3 Rxf3 24. Rh2 Nxg3 25. Rg2 Nxf1 0-1

[Event "AUTO-ADV-274"]
[Site "http://www.queenalice.com/game.php?id=117147"]
[Date "2006.10.15"]
[Round "1"]
[White "robertolm"]
[Black "dysfl"]
[Result "0-1"]
[WhiteElo "1281"]
[BlackElo "1707"]

1. c4 g6 2. d4 Bg7 3. Nf3 d6 4. Nc3 Nf6 5. e4 O-O 6. e5 dxe5 7. d5 c6 8. Bg5 h6
9. Bxf6 Bxf6 10. h4 Bg4 11. Be2 Qa5 12. O-O Rd8 0-1

[Event "AUTO-ADV-274"]
[Site "http://www.queenalice.com/game.php?id=117148"]
[Date "2006.10.15"]
[Round "1"]
[White "dysfl"]
[Black "robertolm"]
[Result "1-0"]
[WhiteElo "1707"]
[BlackElo "1281"]

1. d4 e6 2. Nf3 h6 3. Bf4 g5 4. Bg3 Nf6 5. e3 Ne4 6. Bd3 d5 7. Bxe4 dxe4 8. Ne5
Bd6 9. Nd2 h5 10. h3 Qf6 11. Nxe4 1-0